Избранные работы по языкознанию и фонетике; Т. 1

Dades bibliogràfiques
Autor principal: Щерба Л. В. Лев Владимирович
Idioma:rus
Publicat: Ленинград, Изд-во ЛГУ, 1958
Matèries:
Format: MixedMaterials Llibre
KOHA link:https://koha.lib.tpu.ru/cgi-bin/koha/opac-detail.pl?biblionumber=187215

MARC

LEADER 00000nam0a2200000 4500
001 187215
005 20231031173921.0
035 |a (RuTPU)RU\TPU\book\203141 
090 |a 187215 
100 |a 20101112d1958 m y0rusy50 ca 
101 0 |a rus 
102 |a RU 
105 |a y z 000zy 
200 1 |a Избранные работы по языкознанию и фонетике  |h Т. 1  |f Л. В. Щерба 
210 |a Ленинград  |c Изд-во ЛГУ  |d 1958 
215 |a 182 с. 
610 1 |a языкознание 
610 1 |a фонетика 
610 1 |a языковедение 
610 1 |a лексикография 
610 1 |a исследование 
686 |a Ш1  |v LBC/SL-A  |2 rubbk 
700 1 |a Щерба  |b Л. В.  |g Лев Владимирович 
801 1 |a RU  |b 63413507  |c 20101112 
801 2 |a RU  |b 63413507  |c 20101221  |g RCR 
942 |c BK